• 首页
  • 本馆介绍
  • 公告通知
  • 最新文献
  • 馆藏检索
  • 电子资源
  • 读者导购
  • 参考咨询
  • 我的图书馆
  • 登录
  • 详细信息显示
  • 放入我的书架
  • 预约/预借图书
  • 作者相关作品
  • 分类相关作品
  • 丛书相关作品
  • 出版社相关作品

书目信息

  • 表格格式
  • 工作单格式
  • 卡片格式
题名:
列宁哲学笔记
    
 
作者: ;中共中央马恩列斯著作编译局 译
分册:  
出版信息: 北京   人民出版社  1974
页数: 710页
开本: 21cm
丛书名:
单 册:
中图分类: A225
科图分类:
主题词: 列字著作--单行本--1917年
电子资源:
ISBN:
000 00614nam0 2200205 45
001 0181023586
005 20070728174208.48
010    @dCNY1.35
091    @a1001.335
100    @a20810111d1974 km y0chiy0120 ea
101 0  @achi
200 1  @a列宁哲学笔记@ALie Ning Zhe Xue Bi Ji@f中共中央马恩列斯著作编译局译@FZhong Gong Zhong Yang Ma En Lie Si Zhu Zuo Bian Yi Ju Yi
205    @a3版
210    @a北京@c人民出版社@d1974
215    @a710页@d21cm
606 0  @a列字著作@x单行本@x1917年
690    @aA225@v3
711 02 @a中共中央马恩列斯著作编译局@4译
801    @aCN@bTSTC@c20070728
905    @dA225@f1@b202583@e29=3
    
    列宁哲学笔记/中共中央马恩列斯著作编译局译.-3版.-北京:人民出版社,1974
    710页;21cm
    
    
    ISBN :CNY1.35
    
●
相关链接 在E读中查询图书 在五车中查询图书 在当当中查询图书 在豆瓣中查询图书


正题名:列宁哲学笔记     索取号:A225/29=3         预约/预借

序号 登录号 条形码 馆藏地/架位号 状态 备注
1 0785595   207855953   第一样本阅览室/ [索取号:A225/29=3] 在馆    
唐山师范学院图书馆 欢迎您!
大连网信软件有限公司© 版权所有